书目信息 |
| 题名: |
新要求大学英语词汇分频语境记忆
|
|
| 作者: | 马德高 主编 | |
| 分册: | ||
| 出版信息: | 吉林出版集团有限责任公司 2009.07 |
|
| 页数: | 492页 | |
| 开本: | 20cm | |
| 丛书名: | ||
| 单 册: | ||
| 中图分类: | H313 | |
| 科图分类: | ||
| 主题词: | 英语 | |
| 电子资源: | ||
| ISBN: | 7-5463-0570-5 | |
| 000 | 00586nam0 2200181 450 | |
| 001 | 1458081271 | |
| 005 | 20141015160952.30 | |
| 010 | @a7-5463-0570-5@dCNY19.80 | |
| 100 | @a20141015d2009 km y0chiy0120 ea | |
| 101 | 0 | @achi |
| 200 | 1 | @a新要求大学英语词汇分频语境记忆@Axin yao qiu da xue ying yu ci hui fen pin yu jing ji yi@f马德高主编@Fma de gao zhu bian |
| 210 | @c吉林出版集团有限责任公司@d2009.07 | |
| 215 | @a492页@d20cm | |
| 606 | 0 | @a英语 |
| 690 | @aH313@v4 | |
| 701 | 0 | @a马德高@Ama de gao@4主编 |
| 801 | 0 | @aCN@b大连网信软件有限公司图书馆·11@c20141015 |
| 905 | @aZUCC@dH313@eM0320 | |
| 新要求大学英语词汇分频语境记忆/马德高主编.-吉林出版集团有限责任公司,2009.07 |
| 492页;20cm |
| ISBN 7-5463-0570-5:CNY19.80 |
| ● |
| 相关链接 |
|
|
|
正题名:新要求大学英语词汇分频语境记忆
索取号:H313/M0320
 
预约/预借
| 序号 | 登录号 | 条形码 | 馆藏地/架位号 | 状态 | 备注 |
| 1 | 494629 | 204946292 | 语言库209/209语言库 84排4列3层/ [索取号:H313/M0320] | 在馆 |